00776cam a2200229 a 450000100100000000500170001000800410002704000300006808200180009810000450011624500480016126000370020930000210024649000150026765000300028265000320031283000220034491000340036604900090040095201220040999900150053100001003620200929161818.0800204s1975 ve 000 0aspa  aDO-SdBNPcDLCdDLCdBNPHU aV864.44bU86g1 aUslar Pietri, Arturo,d1906-2001.91262313aEl globo de colores /cArturo Uslar Pietri. aCaracas :bMonte Ávila,c1975. a313 p. ;c18 cm.1 aLetra viva 4aEnsayos venezolanos94376 4aLiteraturavenezolana924996 0aLetra viva.95252 aCatalogación por copia / LC aBNGR 001052708MOaGRbGRcCTd2009-10-02iLF1l0oV864.44 U86gp10036-10r2020-06-25w2020-06-25y2ZPréstamo interno c9795d9795